<?xml version="1.0" encoding="UTF-8"?><?xml-stylesheet type="text/xsl" href="static/style.xsl"?><OAI-PMH xmlns="http://www.openarchives.org/OAI/2.0/" xmlns:xsi="http://www.w3.org/2001/XMLSchema-instance" xsi:schemaLocation="http://www.openarchives.org/OAI/2.0/ http://www.openarchives.org/OAI/2.0/OAI-PMH.xsd"><responseDate>2026-04-29T05:54:50Z</responseDate><request verb="GetRecord" identifier="oai:riubu.ubu.es:10259/9707" metadataPrefix="marc">https://riubu.ubu.es/oai/request</request><GetRecord><record><header><identifier>oai:riubu.ubu.es:10259/9707</identifier><datestamp>2024-11-19T01:05:08Z</datestamp><setSpec>com_10259_4731</setSpec><setSpec>com_10259_5086</setSpec><setSpec>com_10259_2604</setSpec><setSpec>col_10259_4732</setSpec></header><metadata><record xmlns="http://www.loc.gov/MARC21/slim" xmlns:doc="http://www.lyncode.com/xoai" xmlns:xsi="http://www.w3.org/2001/XMLSchema-instance" xmlns:dcterms="http://purl.org/dc/terms/" xsi:schemaLocation="http://www.loc.gov/MARC21/slim http://www.loc.gov/standards/marcxml/schema/MARC21slim.xsd">
<leader>00925njm 22002777a 4500</leader>
<datafield tag="042" ind1=" " ind2=" ">
<subfield code="a">dc</subfield>
</datafield>
<datafield tag="720" ind1=" " ind2=" ">
<subfield code="a">Breitsohl, Jan</subfield>
<subfield code="e">author</subfield>
</datafield>
<datafield tag="720" ind1=" " ind2=" ">
<subfield code="a">Jiménez Torres, Nadia Huitzilin</subfield>
<subfield code="e">author</subfield>
</datafield>
<datafield tag="720" ind1=" " ind2=" ">
<subfield code="a">Roschk, Holger</subfield>
<subfield code="e">author</subfield>
</datafield>
<datafield tag="260" ind1=" " ind2=" ">
<subfield code="c">2021-09</subfield>
</datafield>
<datafield tag="520" ind1=" " ind2=" ">
<subfield code="a">In this article we offer the first survey-based study on the motivations that spur consumers to bully others about the brands they support on social media, a phenomenon we term “Consumer Brand-Cyberbullying” (CBC). Analyzing data from 1,203 participants of online brand communities, we find that consumers who seek to be popular and attractive are more likely to engage in CBC, while those who seek to affiliate with close others and help the community are less likely to do so. Consumers who identify with and are loyal to a particular brand are more likely to engage in CBC. Taken together, our study moves us toward a systematic analysis of the relationship between brands and cyberbullying on social media.</subfield>
</datafield>
<datafield tag="024" ind2=" " ind1="8">
<subfield code="a">0197-2243</subfield>
</datafield>
<datafield tag="024" ind2=" " ind1="8">
<subfield code="a">http://hdl.handle.net/10259/9707</subfield>
</datafield>
<datafield tag="024" ind2=" " ind1="8">
<subfield code="a">10.1080/01972243.2021.1981507</subfield>
</datafield>
<datafield tag="024" ind2=" " ind1="8">
<subfield code="a">1087-6537</subfield>
</datafield>
<datafield ind1=" " ind2=" " tag="653">
<subfield code="a">Brand identification</subfield>
</datafield>
<datafield ind1=" " ind2=" " tag="653">
<subfield code="a">Cyberbullying</subfield>
</datafield>
<datafield ind1=" " ind2=" " tag="653">
<subfield code="a">Facebook</subfield>
</datafield>
<datafield ind1=" " ind2=" " tag="653">
<subfield code="a">Online communities</subfield>
</datafield>
<datafield ind1=" " ind2=" " tag="653">
<subfield code="a">Online trolling</subfield>
</datafield>
<datafield ind1=" " ind2=" " tag="653">
<subfield code="a">Social media marketing</subfield>
</datafield>
<datafield tag="245" ind1="0" ind2="0">
<subfield code="a">Investigating consumers’ motives for consumer brand-cyberbullying on social media</subfield>
</datafield>
</record></metadata></record></GetRecord></OAI-PMH>